[Event "91st ch-FRA 2016"]
[Site "Agen FRA"]
[Date "2016.08.21"]
[Round "9.5"]
[White "Feller, Sebastien"]
[Black "Gozzoli, Yannick"]
[Result "1/2-1/2"]
[WhiteTitle "GM"]
[BlackTitle "GM"]
[WhiteElo "2602"]
[BlackElo "2573"]
[WhiteFideId "634654"]
[BlackFideId "616915"]
[EventDate "2016.08.13"]

1. e4 e5 2. Nf3 Nc6 3. Nc3 Nf6 4. Bb5 Bc5 5. O-O Nd4 6. Nxe5 O-O 7. Nd3 Bb6 8.
e5 Ne8 9. Bc4 c6 10. Na4 Bc7 11. c3 d5 12. Bb3 Nxb3 13. axb3 f6 14. e6 Qd6 15.
g3 Bxe6 16. Nf4 Bf5 17. d4 g5 18. Ng2 b6 19. c4 dxc4 20. bxc4 Rd8 21. Be3 Ng7
22. Nc3 Bb8 23. f3 Rfe8 24. Qd2 Ne6 25. d5 Nc5 26. Rad1 Nb3 27. Qf2 Qb4 28. Ne4
Kg7 29. Qe2 cxd5 30. cxd5 Nc5 31. Bd4 Be5 32. Bxe5 Rxe5 33. Qf2 Bxe4 34. Rd4 Nd3
35. Rxb4 Nxf2 36. Kxf2 Bxd5 37. Rd1 Rde8 38. Rd2 Bc6 39. Rc4 Bb5 40. Rcc2 Kg6
41. h4 h6 42. g4 R5e7 43. Kg3 Bf1 44. Rf2 Bxg2 45. Rxg2 h5 46. hxg5 fxg5 47.
gxh5+ Kxh5 48. Rh2+ Kg6 49. Kg4 Re6 50. Rc7 Rf8 51. Rxa7 Rf4+ 52. Kg3 Re3 53.
Rf2 Rb4 54. Rd7 Reb3 55. Rd6+ Kg7 56. Rc2 Rf4 57. Rc7+ Rf7 58. Rxf7+ Kxf7 59.
Kg4 Rxb2 1/2-1/2